00503nam a2200205 a 450000100060000000300090000600800410001502000160005604000280007208200170010010000260011724500220014325000060016526000320017130000110020349000270021465000270024194200120026899900170028011092CO-ViMGA141112s2004 ck r 000 u spa d a84 20481173 aCO-ViMGAbspacCO-ViMGA04aU863.6 O53c21 aOnetti, Carlos91536510aCuentos completos a8 aMexico, cAlfaguara, c1999 a487 p. acolección continente14aNOVELA URUGUAYA915366 2ddccBK c22306d22306